000
00251 a2200109 4500
001
73732
082
_a
629.1323 CAE
090
_c
38984
_d
38984
100
_a
CAE
245
_a
CAE Subsonic wind tunnel
_c
English
260
_a
CAE Risalpur
_b
CAE
_c
1977
942
_a
CAE NUST
_k
629.1323 CAE
999
_c
308805
_d
308805